01595cam a2200409 a 4500001002300000003000700023005001700030007000700047008004100054010001700095040006800112015001500180020002800195020003100223035005400254043001200308050002600320082001600346082001000362100002800372245010500400260005400505300002500559500002000584504002000604530002400624600002800648650006400676650004300740630003000783610002100813653001500834653001800849776012300867856009600990856009901086chaingangonenews00mccoCaSfIA20230525154950.0cr||||960228s1996 mou s001 0aeng  a 96007382  aDLCcDLCdUKMdBTCTAdYDXCPdUKV3GdBAKERdOCLCGdSINLBdCaSfIA aGB96-58042 a0826210643 (alk. paper) a9780826210647 (alk. paper) a(OCoLC)34356426z(OCoLC)35235288z(OCoLC)59629902 an-us---00aPN4874.M3717bA3 199600a070/.9222014aB2201 aMcCord, Richard,d1941-14aThe chain gang :h[electronic resource] bone newspaper versus the Gannett empire /cRichard McCord. aColumbia :bUniversity of Missouri Press,cc1996. axi, 290 p. ;c24 cm. aIncludes index. aIncludes index. aAlso issued online.10aMcCord, Richard,d1941- 0aNewspaper publishingzUnited StatesxHistoryy20th century. 0aJournalistszUnited StatesxBiography.00aGreen Bay news-chronicle.20aGannett Company.0 aJournalism0 aUnited States08iOnline version:aMcCord, Richard, 1941-tChain gang.dColumbia : University of Missouri Press, c1996w(OCoLC)60391552141uhttp://www.archive.org/details/chaingangonenews00mccozFree eBook from the Internet Archive42uhttp://www.openlibrary.org/books/OL970643MzAdditional information and access via Open Library